Southville International School and Colleges
Your cart is empty.
  • Cart
  • Lists
    Public lists Eva Luna New books Lux_list list_1
    Your lists Log in to create your own lists
  • Log in to your account
  • Your cookies
  • Search history
Southville International School and Colleges
  • Advanced search
  • Recent comments
  • Most popular
  • Libraries

Log in to your account

Log in with GOOGLE


If you do not have an external account, but do have a local account, you can still log in:

  1. Home
  2. MARC view: Nurse as educator : principles of teaching and learning for nursing practice
Normal view MARC view ISBD view

Nurse as educator : principles of teaching and learning for nursing practice (Record no. 365290)

[ view plain ]
MARC details
000 -LEADER
fixed length control field 00756nam a22002177a 4500
003 - CONTROL NUMBER IDENTIFIER
control field 0
005 - DATE AND TIME OF LATEST TRANSACTION
control field 20230913085512.0
008 - FIXED-LENGTH DATA ELEMENTS--GENERAL INFORMATION
fixed length control field 230913b xxu||||| |||| 00| 0 eng d
020 ## - INTERNATIONAL STANDARD BOOK NUMBER
International Standard Book Number 978-1-284-22927-1
050 ## - LIBRARY OF CONGRESS CALL NUMBER
Classification number RT 90
Item number .B37 2023
100 ## - MAIN ENTRY--PERSONAL NAME
Personal name Bastable, Susan B.
245 ## - TITLE STATEMENT
Title Nurse as educator : principles of teaching and learning for nursing practice
Statement of responsibility, etc Susan B. Bastable
250 ## - EDITION STATEMENT
Edition statement Sixth edition
260 ## - PUBLICATION, DISTRIBUTION, ETC. (IMPRINT)
Place of publication, distribution, etc Burlington, MA
Name of publisher, distributor, etc Jones & Barlett Learning
Date of publication, distribution, etc c2023.
300 ## - PHYSICAL DESCRIPTION
Extent xx, 725 pages ;
Dimensions 23 cm.
500 ## - GENERAL NOTE
General note Patient education as topic--methods.
504 ## - BIBLIOGRAPHY, ETC. NOTE
Bibliography, etc Includes bibliographical references, glossary and index.
650 ## - SUBJECT ADDED ENTRY--TOPICAL TERM
Topical term or geographic name as entry element Patient education as topic--methods.
650 ## - SUBJECT ADDED ENTRY--TOPICAL TERM
Topical term or geographic name as entry element Health promotion--methods.
942 ## - ADDED ENTRY ELEMENTS (KOHA)
Source of classification or shelving scheme Library of Congress Classification
Koha item type Books
Holdings
Withdrawn status Lost status Source of classification or shelving scheme Damaged status Home library Current library Shelving location Date acquired Source of acquisition Sub Shelving location Total Checkouts Full call number Barcode Date last seen Price effective from Koha item type
    Library of Congress Classification   College Library College Library Reserve Section 09/13/2023 Library Fund     RT 90 .B37 2023 C23006 09/13/2023 09/13/2023 Books

Nurse as educator : principles of teaching and learning for nursing practice

APA

Bastable S. B., . (2023). Nurse as educator : principles of teaching and learning for nursing practice. Burlington, MA: Jones & Barlett Learning.

Chicago

Bastable Susan B, . 2023. Nurse as educator : principles of teaching and learning for nursing practice. Burlington, MA: Jones & Barlett Learning.

Harvard

Bastable S. B., . (2023). Nurse as educator : principles of teaching and learning for nursing practice. Burlington, MA: Jones & Barlett Learning.

MLA

Bastable Susan B, . Nurse as educator : principles of teaching and learning for nursing practice. Burlington, MA: Jones & Barlett Learning. 2023.

  • Place hold
  • Print
  • Cite
  • Add to your cart (remove)
  • Save record
    BIBTEX Dublin Core MARCXML MARC (non-Unicode/MARC-8) MARC (Unicode/UTF-8) MARC (Unicode/UTF-8, Standard) MODS (XML) RIS
  • More searches
    Search for this title in:
    Other Libraries (WorldCat) Other Databases (Google Scholar) Online Stores (Bookfinder.com) Open Library (openlibrary.org)

Exporting to Dublin Core...

SOUTHVILLE LIBRARY

Southville International School and Colleges Library

1281 Tropical Ave. Cor. Luxembourg St., BF Homes International, Las Pinas City

Tel. No. 8256374 / 252358 Loc. 117/146

Powered by Koha